00585nam a22002177a 450000500170000001000130001702000100003003500130004003700160005304000120006908200160008110000160009724500810011326000360019427000370023030000310026750000200029865000160031865000180033470000150035220170124110029.0 aA-799922 c52.50 aA-799922 bCen Lib/Ret aDPLbEN a531.12bGOY aGoyal, J.K. aStatics :cby J.K. Goyal [and] K.P. Gupta bwith attraction and potentials / aMeeurtbKrishna prakashanc1995 bMeeurta11, Shivaji roade250001 avarious pagings c20cm(Hb) aIncludes index  aStatistics  aMathematics  aGupta, K.P